Language Quiz

Random Language or Spanish Quiz

Spanish Words (1) Quiz Stats

Quiz not verified by Sporcle

Also try: Words Un'GLUE'd
Challenge
Share
Tweet
Embed
Score 0/45 Timer 10:00
0 Plays Today
English Spanish % Correct
friendamigo, amiga
88.9%
what... ?que, como
88.9%
goodbueno, buena
83.3%
americanamericano, americana
77.8%
schoolescuela
72.2%
to beser
72.2%
mexicanmexicano, mexicana
72.2%
personpersona
66.7%
fantasticfantastico, fantastica
61.1%
who... ?quien
61.1%
from where... ?de donde
61.1%
verymuy
61.1%
alsotambien
61.1%
handsomeguapo
55.6%
seriousserio, seria
55.6%
generousgeneroso, generosa
55.6%
tallalto, alta
50%
fatgordo, gorda
50%
he isel es
50%
she isella es
50%
uglyfeo, fea
44.4%
comicalcomico, comica
44.4%
shortbajo, baja
38.9%
English Spanish % Correct
brown hairedmoreno, morena
33.3%
shy / timidtimido, timida
33.3%
sinceresincero, sincera
33.3%
honesthonesto, honesta
33.3%
nicesimpatico, simpatica
22.2%
chileanchileno, chilena
22.2%
boymuchacho
16.7%
girlmuchacha
16.7%
red hairedpelirrojo, pelirroja
16.7%
ambiciousambicioso, ambiciosa
16.7%
puerto ricanpuertorriqueno, puertorriquena
16.7%
blondrubio, rubia
11.1%
skinnyflaco, flaca
11.1%
lazyperezoso, perezosa
11.1%
of what nationality... ?de que nacionalidad
11.1%
studentalumno, alumna
5.6%
prettylinda
5.6%
venezuelanvenezolano, venezolana
5.6%
secondary schoolescuela secundaria
5.6%
funnygracioso, graciosa
0%
sort ofbastante
0%
no, in no way ...no, de ninguna manera
0%

You're not logged in!

Compare scores with friends on all Sporcle quizzes.
Join for Free
OR
Log In

You Might Also Like...

Show Comments

Extras

Created Oct 3, 2011ReportNominate
Tags:Spanish Quiz, English

Top Quizzes Today


Score Distribution

Your Account Isn't Verified!

In order to create a playlist on Sporcle, you need to verify the email address you used during registration. Go to your Sporcle Settings to finish the process.

Report this User

Report this user for behavior that violates our Community Guidelines.

Details: